书目信息 |
| 题名: |
社会主义
|
|
| 作者: | 米塞斯 著 ;王建民 , 冯克利 , 崔树义 译 | |
| 分册: | ||
| 出版信息: | 北京 商务印书馆 2018.03 |
|
| 页数: | lxvi, 698页 | |
| 开本: | 21cm | |
| 丛书名: | 经济学名著译丛 | |
| 单 册: | ||
| 中图分类: | F069.9 | |
| 科图分类: | ||
| 主题词: | 经济社会学--jing ji she hui xue--研究 | |
| 电子资源: | ||
| ISBN: | 978-7-100-15759-9 | |
| 000 | 01511nam 2200337 450 | |
| 001 | 202019133617 | |
| 005 | 20190921113345.0 | |
| 010 | @a978-7-100-15759-9@dCNY78.00 | |
| 100 | @a20190918d2018 em y0chiy50 ea | |
| 101 | 1 | @achi@cger |
| 102 | @aCN@b110000 | |
| 105 | @ay a 001yy | |
| 106 | @ar | |
| 200 | 1 | @a社会主义@Ashe hui zhu yi@e经济学与社会学的分析@d= Socialism@ean economic and sociological analysis@f(奥) 路德维希·冯·米塞斯著@g王建民, 冯克利, 崔树义译@zeng |
| 210 | @a北京@c商务印书馆@d2018.03 | |
| 215 | @alxvi, 698页@d21cm | |
| 225 | 2 | @a经济学名著译丛@Ajing ji xue ming zhu yi cong@h第六辑 |
| 305 | @a根据Liberty Fund, Inc. 1981年版译出 | |
| 320 | @a有书目和索引 | |
| 330 | @a本书是米塞斯的代表作之一。作品秉持极端的自由主义立场, 从经济、政治、历史、法律、科学、文化、婚姻家庭、对外关系等方面对马克思主义和社会主义做了全面评论, 其中主要对中央计划经济体制进行了批评性分析。分五卷, 内容包括: 自由主义和社会主义 ; 社会主义经济学 ; 所谓社会主义的必然性等。 | |
| 410 | 0 | @12001 @a经济学名著译丛@h第六辑 |
| 510 | 1 | @aSocialism@ean economic and sociological analysis@zeng |
| 517 | 1 | @a经济学与社会学的分析@Ajing ji xue yu she hui xue de fen xi |
| 606 | 0 | @a经济社会学@Ajing ji she hui xue@x研究 |
| 690 | @aF069.9@v5 | |
| 701 | 1 | @a米塞斯@Ami sai si@g(Mises, Ludwig Von),@f1881-1973@4著 |
| 702 | 0 | @a王建民@Awang jian min@4译 |
| 702 | 0 | @a冯克利@Afeng ke li@4译 |
| 702 | 0 | @a崔树义@Acui shu yi@4译 |
| 801 | 0 | @aCN@c20190905 |
| 905 | @a河南城建学院图书馆@dF069.9@eM671 | |
| 社会主义:经济学与社会学的分析= Socialism:an economic and sociological analysis/(奥) 路德维希·冯·米塞斯著/王建民, 冯克利, 崔树义译.-北京:商务印书馆,2018.03 |
| lxvi, 698页;21cm.-(经济学名著译丛.第六辑) |
| ISBN 978-7-100-15759-9:CNY78.00 |
| 本书是米塞斯的代表作之一。作品秉持极端的自由主义立场, 从经济、政治、历史、法律、科学、文化、婚姻家庭、对外关系等方面对马克思主义和社会主义做了全面评论, 其中主要对中央计划经济体制进行了批评性分析。分五卷, 内容包括: 自由主义和社会主义 ; 社会主义经济学 ; 所谓社会主义的必然性等。 |
| ● |
| 相关链接 |
|
|
|
正题名:社会主义
索取号:F069.9/M671
 
预约/预借
| 序号 | 登录号 | 条形码 | 馆藏地/架位号 | 状态 | 备注 |
| 1 | 1440850 | 214408504 | 社科二线422/409社科库 65排4列2层/ [索取号:F069.9/M671] | 在馆 | |
| 2 | 1440851 | 214408513 | 社科库409/409社科库 65排4列2层/ [索取号:F069.9/M671] | 在馆 | |
| 3 | 1440852 | 214408522 | 社科二线422/409社科库 65排4列2层/ [索取号:F069.9/M671] | 在馆 | |
| 4 | 1440853 | 214408531 | 社科二线422/422社科库 30排1列5层/ [索取号:F069.9/M671] | 在馆 |